Roads to the Top : (Record no. 605234)

MARC details
000 -LEADER
fixed length control field 00453nam a2200193 a 4500
008 - FIXED-LENGTH DATA ELEMENTS--GENERAL INFORMATION
fixed length control field 251226s1995##################000#0#eng##
020 ## - INTERNATIONAL STANDARD BOOK NUMBER
ISBN 9780333631089
082 04 - DEWEY DECIMAL CLASSIFICATION NUMBER
Classification number 650.1
Item number TAI
100 1# - MAIN ENTRY--AUTHOR NAME
Personal name Tait, Ruth,
245 10 - TITLE STATEMENT
Title Roads to the Top :
260 ## - PUBLICATION, DISTRIBUTION, ETC. (IMPRINT)
Name of publisher MacMillan,
Year of publication 1995.
300 ## - PHYSICAL DESCRIPTION
Number of Pages 376 pages
650 #0 - SUBJECT ADDED ENTRY--TOPICAL TERM
Topical Term Businessmen.
942 ## - ADDED ENTRY ELEMENTS (KOHA)
Koha item type English Books
Holdings
Withdrawn status Lost status Damaged status Not for loan Home library Current library Shelving location Date acquired Full call number Accession Number Price effective from Koha item type
        Anna Centenary Library Anna Centenary Library 6TH FLOOR, A WING 26.12.2025 650.1 TAI 322245 26.12.2025 English Books

Find us on the map